000 00339 a2200169 4500
001 184343
020 _a85-88609-22-3
040 _cMagnum
100 _aAmaro, Austen
240 1 0 _aJuiz de fora
_lpor
245 1 0 _aJuiz de fora
300 _a90
362 0 _a2004
440 1 _aMiguilim
697 _aLITERATURA GERAL
942 _cBK
999 _c184343
_d184343